[Event "Junior Online 4NCL Division 5"]
[Site "online"]
[Date "2020.05.28"]
[Round "7.12"]
[White "Hand, Joseph"]
[Black "Lang, Fred"]
[Result "1-0"]
[WhiteElo "1092"]
[BlackElo "1307"]
[PlyCount "95"]
[EventDate "2020.05.28"]
[WhiteTeam "St Benildus 1"]
[BlackTeam "Liverpool 2"]

1. e4 e5 2. f4 exf4 3. Nf3 Nc6 4. d4 d5 5. Nc3 dxe4 6. Nxe4 Bd6 7. Bb5 Nge7 8.
d5 a6 9. Ba4 b5 10. Bxb5 axb5 11. dxc6 Nxc6 12. Nxd6+ cxd6 13. Bxf4 d5 14. O-O
O-O 15. Qd3 Ne7 16. Nd4 Qb6 17. Be3 Ba6 18. b4 Nc6 19. Nxc6 Qxc6 20. Bc5 Rfe8
21. Qf5 Qe6 22. Qxe6 Rxe6 23. c3 Bb7 24. Rf5 g6 25. Rf2 f5 26. g3 Ra3 27. Bd4
Rea6 28. Re1 Rxa2 29. Rxa2 Rxa2 30. Re8+ Kf7 31. Rh8 h5 32. Rh7+ Ke6 33. Rxb7
Ra1+ 34. Kg2 g5 35. Rxb5 Ra2+ 36. Bf2 g4 37. Rb6+ Ke5 38. Rh6 Ke4 39. Rxh5 Re2
40. b5 Kd3 41. Rxf5 Kxc3 42. b6 d4 43. b7 Rb2 44. Rf4 d3 45. b8=Q Rxb8 46. Be1+
Kc2 47. Rc4+ Kd1 48. Rd4 1-0

[Event "Junior Online 4NCL Division 5"]
[Site "online"]
[Date "2020.05.28"]
[Round "7.13"]
[White "Zheng, Kevin"]
[Black "Bueckert, Diana"]
[Result "1/2-1/2"]
[WhiteElo "1300"]
[BlackElo "965"]
[PlyCount "110"]
[EventDate "2020.05.28"]
[WhiteTeam "Liverpool 2"]
[BlackTeam "St Benildus 1"]

1. e4 e6 2. d4 d5 3. exd5 exd5 4. Nf3 Nf6 5. Bb5+ Bd7 6. Bxd7+ Nbxd7 7. O-O Be7
8. Re1 O-O 9. Bg5 c5 10. c3 h6 11. Bh4 Re8 12. Nbd2 Qb6 13. Qb3 Qxb3 14. Nxb3
c4 15. Nbd2 Bd6 16. Re3 Bf4 17. Rxe8+ Rxe8 18. Nf1 Ne4 19. Re1 Rc8 20. Ng3 Nxg3
21. Bxg3 Bxg3 22. hxg3 Nf6 23. Re7 Rb8 24. Ne5 Ne8 25. Rxf7 a6 26. Rd7 Nf6 27.
Re7 b5 28. Ra7 Rb6 29. Nd7 Nxd7 30. Rxd7 Kf8 31. Rxd5 Re6 32. Re5 Rb6 33. d5
Kf7 34. Re4 Rd6 35. Rd4 Kf6 36. Kf1 Ke5 37. Rd2 Rxd5 38. Rxd5+ Kxd5 39. Ke2 Ke4
40. f3+ Ke5 41. Ke3 Kd5 42. g4 Ke5 43. f4+ Kd5 44. g3 a5 45. f5 Ke5 46. a3 h5
47. gxh5 Kxf5 48. Kf3 Kg5 49. g4 Kh4 50. Kf4 Kh3 51. Kf5 Kh4 52. Kf4 Kh3 53. g5
Kh4 54. Kf5 Kxh5 55. Kf4 Kg6 1/2-1/2

[Event "Junior Online 4NCL Division 5"]
[Site "online"]
[Date "2020.05.28"]
[Round "7.14"]
[White "Bueckert, Lucy"]
[Black "Freddy, Aaron"]
[Result "0-1"]
[WhiteElo "819"]
[BlackElo "1180"]
[PlyCount "54"]
[EventDate "2020.05.28"]
[WhiteTeam "St Benildus 1"]
[BlackTeam "Liverpool 2"]

1. f4 Nc6 2. Nf3 d6 3. e3 h6 4. Bb5 Bd7 5. O-O a6 6. Bxc6 Bxc6 7. b3 Nf6 8. Bb2
e6 9. d3 Nd5 10. Qe1 f6 11. Nd4 Qd7 12. Qg3 O-O-O 13. Qh3 e5 14. Qxd7+ Bxd7 15.
fxe5 dxe5 16. Ne2 Nxe3 17. Rc1 Bc5 18. Kh1 Bb6 19. d4 exd4 20. Nxd4 Rhg8 21.
Re1 Bxd4 22. c3 Nc2 23. Re4 Bb6 24. Na3 Nxa1 25. Bxa1 Bc6 26. Nc4 Rd1+ 27. Re1
Rxe1# 0-1

[Event "Junior Online 4NCL Division 5"]
[Site "online"]
[Date "2020.05.28"]
[Round "7.15"]
[White "Liu, Wenle"]
[Black "Tang, Lewis"]
[Result "0-1"]
[WhiteElo "1069"]
[BlackElo "1465"]
[PlyCount "126"]
[EventDate "2020.05.28"]
[WhiteTeam "St Benildus 1"]
[BlackTeam "Liverpool 2"]

1. e4 d5 2. exd5 Qxd5 3. Nc3 Qd8 4. d4 Nf6 5. Nf3 Bg4 6. Bc4 e6 7. Bf4 Bd6 8.
Bg3 Bxg3 9. hxg3 Bxf3 10. Qxf3 c6 11. O-O-O Nbd7 12. Rde1 Nb6 13. Qd3 Nxc4 14.
Qxc4 O-O 15. Qd3 h6 16. Ne4 a5 17. Nxf6+ Qxf6 18. f4 Rad8 19. c3 c5 20. g4
Qxf4+ 21. Kb1 Qxg4 22. Re4 Qf5 23. Rf1 Qh7 24. Qf3 cxd4 25. Ka1 dxc3 26. bxc3
Rde8 27. Rg4 b6 28. Rh1 Rc8 29. Rhh4 Qc2 30. Qf4 Qxc3+ 31. Kb1 Qc2+ 32. Ka1
Qc1+ 33. Qxc1 Rxc1+ 34. Kb2 Rc5 35. Rxh6 f5 36. Rg3 Kf7 37. Rh7 Rg8 38. Rd3 Rc6
39. Rd7+ Kf6 40. Rd1 Rgc8 41. Rhh1 Rc2+ 42. Ka1 Rxg2 43. Rhe1 Rcc2 44. Rd6
Rxa2+ 45. Kb1 Rge2 46. Red1 Rab2+ 47. Ka1 a4 48. R6d3 Ra2+ 49. Kb1 a3 50. Rb3
Rab2+ 51. Ka1 Rxb3 52. Rd2 Re1+ 53. Ka2 Rb2+ 54. Rxb2 axb2 55. Kxb2 Re2+ 56.
Kb3 Re4 57. Kc3 f4 58. Kd3 Kf5 59. Kd2 f3 60. Kc3 f2 61. Kb3 f1=Q 62. Ka3 Qf3+
63. Kb2 Re2+ 0-1

[Event "Junior Online 4NCL Division 5"]
[Site "online"]
[Date "2020.05.28"]
[Round "7.16"]
[White "Lang, Fred"]
[Black "Hand, Joseph"]
[Result "1-0"]
[WhiteElo "1307"]
[BlackElo "1092"]
[PlyCount "75"]
[EventDate "2020.05.28"]
[WhiteTeam "Liverpool 2"]
[BlackTeam "St Benildus 1"]

1. e4 e5 2. Nf3 Nc6 3. d4 exd4 4. Nxd4 Nxd4 5. Qxd4 d6 6. Nc3 Be7 7. Nd5 Nf6 8.
Nxe7 Qxe7 9. Bd3 O-O 10. O-O b6 11. Bg5 c5 12. Bxf6 Qxf6 13. Qxf6 gxf6 14. h3
Re8 15. Rfe1 Re5 16. Re3 f5 17. Rg3+ Kf8 18. Re1 Be6 19. f4 fxe4 20. fxe5 exd3
21. Rxd3 d5 22. c3 c4 23. Rd4 Ke7 24. Rh4 Rh8 25. b3 cxb3 26. axb3 b5 27. b4 a6
28. Ra1 Bc8 29. Rh6 f6 30. exf6+ Kf7 31. Re1 Be6 32. Kf2 Re8 33. Rxh7+ Kxf6 34.
Rh6+ Kf7 35. h4 Kg7 36. Rhxe6 Rxe6 37. Rxe6 Kf7 38. Rxa6 1-0

[Event "Junior Online 4NCL Division 5"]
[Site "online"]
[Date "2020.05.28"]
[Round "7.17"]
[White "Bueckert, Diana"]
[Black "Zheng, Kevin"]
[Result "0-1"]
[WhiteElo "965"]
[BlackElo "1300"]
[PlyCount "84"]
[EventDate "2020.05.28"]
[WhiteTeam "St Benildus 1"]
[BlackTeam "Liverpool 2"]

1. d4 d5 2. Nf3 Nf6 3. c4 Bf5 4. e3 e6 5. Nc3 Bb4 6. Bd2 c5 7. cxd5 exd5 8. Qb3
Bxc3 9. Bxc3 b6 10. dxc5 bxc5 11. Qb5+ Qd7 12. Qxc5 Qc8 13. Bxf6 Qxc5 14. Bd4
Qc7 15. Be5 Qd7 16. Nd4 O-O 17. Bb5 Qc8 18. O-O Be4 19. Rac1 Qd8 20. Bc7 Qe7
21. Bxb8 Raxb8 22. a4 Rbc8 23. Rxc8 Rxc8 24. Nc6 Qc5 25. b4 Qd6 26. Rc1 Rc7 27.
h3 d4 28. f3 Bxc6 29. Bxc6 Rxc6 30. Rxc6 Qxc6 31. exd4 Qxa4 32. Kh2 Qxb4 33. d5
Qd6+ 34. g3 Qxd5 35. Kg2 Qd2+ 36. Kf1 Kf8 37. Kg1 Ke7 38. f4 Kd6 39. f5 Kd5 40.
g4 Ke4 41. h4 Kf3 42. Kh1 Qg2# 0-1

[Event "Junior Online 4NCL Division 5"]
[Site "online"]
[Date "2020.05.28"]
[Round "7.18"]
[White "Freddy, Aaron"]
[Black "Bueckert, Lucy"]
[Result "1-0"]
[WhiteElo "1180"]
[BlackElo "819"]
[PlyCount "25"]
[EventDate "2020.05.28"]
[WhiteTeam "Liverpool 2"]
[BlackTeam "St Benildus 1"]

1. e4 d5 2. Nf3 dxe4 3. Ng5 Nf6 4. d3 exd3 5. Bxd3 e5 6. Nxf7 Kxf7 7. O-O Bd6
8. Bg5 Re8 9. Bxh7 g6 10. Qd3 Kg7 11. Qxg6+ Kf8 12. Bxf6 Qd7 13. Qg8# 1-0

[Event "Junior Online 4NCL Division 5"]
[Site "online"]
[Date "2020.05.28"]
[Round "7.21"]
[White "McIntyre, Jack"]
[Black "Luo, Yifan"]
[Result "1-0"]
[WhiteElo "1376"]
[BlackElo "1592"]
[PlyCount "29"]
[EventDate "2020.05.28"]
[WhiteTeam "Gonzaga College SJ C"]
[BlackTeam "KJCA Young Kestrels E"]

1. e4 c5 2. d4 cxd4 3. c3 dxc3 4. Nxc3 Nf6 5. Nf3 Nc6 6. Bc4 d6 7. e5 Nxe5 8.
Nxe5 dxe5 9. Bxf7+ Kxf7 10. Qxd8 Nd7 11. Be3 e6 12. Qc7 Be7 13. O-O b6 14. Ne4
Ba6 15. Qxd7 1-0

[Event "Junior Online 4NCL Division 5"]
[Site "online"]
[Date "2020.05.28"]
[Round "7.22"]
[White "Zhao, Wenyi"]
[Black "He, Andrew"]
[Result "1-0"]
[WhiteElo "1547"]
[BlackElo "1207"]
[PlyCount "65"]
[EventDate "2020.05.28"]
[WhiteTeam "KJCA Young Kestrels E"]
[BlackTeam "Gonzaga College SJ C"]

1. d4 Nf6 2. c4 g6 3. Nc3 Bg7 4. Nf3 O-O 5. e4 d6 6. Be2 e5 7. O-O Nbd7 8. Be3
exd4 9. Nxd4 Ne5 10. f4 Ned7 11. Qd2 Nc5 12. Bd3 Nxd3 13. Qxd3 Re8 14. f5 gxf5
15. exf5 Ng4 16. Bf4 Qh4 17. Nf3 Qf6 18. Nd4 Ne5 19. Qe2 Bxf5 20. Nxf5 Qxf5 21.
Bxe5 Qxe5 22. Qf2 Qe6 23. Nd5 Rac8 24. Qg3 c6 25. Nf6+ Kh8 26. Nxe8 Rxe8 27.
Rae1 Be5 28. Qh4 Bd4+ 29. Kh1 Qd7 30. Qxd4+ Kg8 31. Qf4 Re6 32. Qg4+ Kf8 33.
Rxe6 1-0

[Event "Junior Online 4NCL Division 5"]
[Site "online"]
[Date "2020.05.28"]
[Round "7.23"]
[White "Burke, Hugh"]
[Black "Gaekwad, Ankit"]
[Result "1/2-1/2"]
[WhiteElo "977"]
[BlackElo "1450"]
[PlyCount "125"]
[EventDate "2020.05.28"]
[WhiteTeam "Gonzaga College SJ C"]
[BlackTeam "KJCA Young Kestrels E"]

1. e4 e6 2. d4 d5 3. Nc3 c5 4. exd5 exd5 5. dxc5 Bxc5 6. Qxd5 Qxd5 7. Nxd5 Bd6
8. Nf3 Be6 9. Bb5+ Nd7 10. Ne3 a6 11. Bc4 Bxc4 12. Nxc4 Be7 13. O-O b5 14. Ne3
Ngf6 15. b3 O-O 16. Bb2 Rfe8 17. Rad1 Rac8 18. Rfe1 Bc5 19. Nd4 Nb6 20. Ndf5
Bxe3 21. Nxe3 Nbd5 22. Nxd5 Nxd5 23. Rxe8+ Rxe8 24. Kf1 Nf4 25. Bc3 h6 26. g3
Ng6 27. Re1 Rd8 28. f4 Kh7 29. Ke2 Re8+ 30. Kf2 Rd8 31. Ba5 Rc8 32. Rc1 Re8 33.
a4 Ne7 34. axb5 axb5 35. c4 bxc4 36. bxc4 Nc6 37. Bd2 Nd4 38. Be3 Nf5 39. Rc3
Kg6 40. c5 Rc8 41. g4 Ne7 42. Kg3 f6 43. h4 Kf7 44. f5 Nd5 45. Rd3 Nxe3 46.
Rxe3 Rxc5 47. Rd3 Ke7 48. h5 Re5 49. Kf3 Re1 50. Re3+ Rxe3+ 51. Kxe3 Kf7 52.
Ke4 Ke8 53. Kd5 Kf7 54. Kd6 Kg8 55. Ke7 Kh8 56. Kf7 Kh7 57. Ke6 Kg8 58. Ke7 Kh8
59. Ke6 Kh7 60. Kf7 Kh8 61. Ke6 Kh7 62. Kf7 Kh8 63. Ke6 1/2-1/2

[Event "Junior Online 4NCL Division 5"]
[Site "online"]
[Date "2020.05.28"]
[Round "7.24"]
[White "Heard, Tom"]
[Black "Cloonan, Mark"]
[Result "1-0"]
[WhiteElo "1517"]
[BlackElo "963"]
[PlyCount "85"]
[EventDate "2020.05.28"]
[WhiteTeam "KJCA Young Kestrels E"]
[BlackTeam "Gonzaga College SJ C"]

1. e4 e5 2. Nf3 Nc6 3. Bc4 h6 4. c3 Nf6 5. d3 Bc5 6. Nbd2 O-O 7. Nf1 d6 8. a4
a5 9. Ng3 Bg4 10. h3 Bxf3 11. Qxf3 Ne7 12. O-O c6 13. d4 exd4 14. cxd4 Bxd4 15.
Rd1 Be5 16. Rb1 Bxg3 17. fxg3 Ng6 18. Qf5 Qe7 19. Bxh6 d5 20. exd5 Qc5+ 21. Kh2
Qxc4 22. Bg5 Nxd5 23. h4 Nge7 24. Qd7 f6 25. Qe6+ Kh7 26. Bd2 Qxa4 27. Re1 Qc2
28. Qg4 Qxd2 29. Rbd1 Qxb2 30. Rxd5 Nxd5 31. Qf5+ Kg8 32. Qe6+ Kh8 33. Qf5 Qd2
34. Re4 Ne3 35. Qh5+ Kg8 36. Rxe3 Qxe3 37. Qg6 Rad8 38. g4 Rd2 39. h5 Qf2 40.
Qe4 Re2 41. Qc4+ Kh7 42. Qd3+ Kh6 43. Qg6# 1-0

[Event "Junior Online 4NCL Division 5"]
[Site "online"]
[Date "2020.05.28"]
[Round "7.25"]
[White "Luo, Yifan"]
[Black "McIntyre, Jack"]
[Result "0-1"]
[WhiteElo "1592"]
[BlackElo "1376"]
[PlyCount "56"]
[EventDate "2020.05.28"]
[WhiteTeam "KJCA Young Kestrels E"]
[BlackTeam "Gonzaga College SJ C"]

1. d4 Nf6 2. c4 g6 3. e3 Bg7 4. Nc3 d6 5. Bd2 O-O 6. Nf3 e5 7. d5 a5 8. Be2 Ne8
9. O-O f5 10. e4 f4 11. h3 Nf6 12. Nh2 g5 13. Bg4 h5 14. Bxh5 Nbd7 15. Be2 Nc5
16. f3 Nh5 17. Be1 Bd7 18. a3 a4 19. Bd3 Nb3 20. Rb1 Nd4 21. Ne2 Nxe2+ 22. Bxe2
Ng3 23. Bxg3 fxg3 24. Ng4 Bxg4 25. hxg4 Qf6 26. Qc1 Qh6 27. Rd1 Qh2+ 28. Kf1
Qh1# 0-1

[Event "Junior Online 4NCL Division 5"]
[Site "online"]
[Date "2020.05.28"]
[Round "7.26"]
[White "He, Andrew"]
[Black "Zhao, Wenyi"]
[Result "0-1"]
[WhiteElo "1207"]
[BlackElo "1547"]
[PlyCount "38"]
[EventDate "2020.05.28"]
[WhiteTeam "Gonzaga College SJ C"]
[BlackTeam "KJCA Young Kestrels E"]

1. e4 e6 2. d4 d5 3. e5 c5 4. c3 Nc6 5. Nf3 Qb6 6. Bd3 Bd7 7. Be3 Qxb2 8. Nbd2
Qxc3 9. O-O Qxd3 10. Nb3 Qb5 11. dxc5 b6 12. cxb6 axb6 13. Rb1 Qa6 14. Rb2 Ba3
15. Rc2 Nge7 16. Nfd4 Nxe5 17. Nf3 Nc4 18. Qd4 Bb2 19. Qxb6 Nxb6 0-1

[Event "Junior Online 4NCL Division 5"]
[Site "online"]
[Date "2020.05.28"]
[Round "7.27"]
[White "Gaekwad, Ankit"]
[Black "Burke, Hugh"]
[Result "1/2-1/2"]
[WhiteElo "1450"]
[BlackElo "977"]
[PlyCount "131"]
[EventDate "2020.05.28"]
[WhiteTeam "KJCA Young Kestrels E"]
[BlackTeam "Gonzaga College SJ C"]

1. d4 Nf6 2. Bf4 e6 3. e3 c5 4. c3 d5 5. Nf3 Nc6 6. Nbd2 cxd4 7. exd4 Bd6 8.
Bg3 O-O 9. Bd3 Re8 10. O-O Bxg3 11. fxg3 Qc7 12. Qc2 h6 13. Rae1 Bd7 14. a3 e5
15. dxe5 Nxe5 16. Nxe5 Rxe5 17. Nf3 Qb6+ 18. Kh1 Rxe1 19. Rxe1 Re8 20. Rxe8+
Bxe8 21. Nd4 Ng4 22. h3 Nf6 23. Qe2 Kf8 24. Kh2 a6 25. Qf3 Qxb2 26. Be2 Qxa3
27. Qe3 Qe7 28. Qd2 Ne4 29. Qb2 Qc7 30. Qb4+ Kg8 31. Nf5 Bd7 32. Ne7+ Kh7 33.
Nxd5 Qxg3+ 34. Kg1 Bxh3 35. Qxe4+ g6 36. Bf3 Bf5 37. Qe2 Kg7 38. Ne7 Qg5 39.
Nxf5+ Qxf5 40. Bxb7 Qc5+ 41. Kh1 Qxc3 42. Bxa6 Qc1+ 43. Kh2 Qc7+ 44. g3 Qa7 45.
Bd3 h5 46. Qe5+ Kf8 47. Qh8+ Ke7 48. Qb2 Qd7 49. Qe2+ Kf8 50. Qf3 Kg7 51. Be4
Qd2+ 52. Kh3 Qd7+ 53. Kg2 Qd2+ 54. Qf2 Qxf2+ 55. Kxf2 f5 56. Bd5 Kf6 57. Kf3 g5
58. Bc4 h4 59. gxh4 gxh4 60. Kg2 Kg5 61. Kh3 f4 62. Bd5 Kh5 63. Bf7+ Kg5 64.
Bd5 Kh5 65. Bf3+ Kg5 66. Bd5 1/2-1/2

[Event "Junior Online 4NCL Division 5"]
[Site "online"]
[Date "2020.05.28"]
[Round "7.28"]
[White "Cloonan, Mark"]
[Black "Heard, Tom"]
[Result "1-0"]
[WhiteElo "963"]
[BlackElo "1517"]
[PlyCount "147"]
[EventDate "2020.05.28"]
[WhiteTeam "Gonzaga College SJ C"]
[BlackTeam "KJCA Young Kestrels E"]

1. e4 e5 2. Nf3 Nc6 3. Bc4 Nf6 4. O-O Bc5 5. Nc3 O-O 6. d3 h6 7. Na4 Bb6 8.
Nxb6 axb6 9. h3 d5 10. exd5 Nxd5 11. Re1 Qd6 12. Qe2 Re8 13. b3 Nf4 14. Bxf4
Bxh3 15. Nxe5 Nxe5 16. Bxe5 Qg6 17. Qf3 Bg4 18. Bxf7+ Qxf7 19. Qxg4 Re7 20. Re3
Rae8 21. Rae1 Qd5 22. Bxc7 Rxe3 23. Rxe3 Rxe3 24. fxe3 Qf7 25. Qc8+ Kh7 26. e4
Qe7 27. Bxb6 Qh4 28. Qf5+ Kg8 29. Bd4 b5 30. Qf2 Qh5 31. Qg3 Qd1+ 32. Kf2 Qxc2+
33. Ke3 Qc1+ 34. Kf3 Qf1+ 35. Qf2 Qxd3+ 36. Qe3 Qd1+ 37. Qe2 Qxd4 38. Qxb5 Qd1+
39. Qe2 Qa1 40. Qc4+ Kh7 41. a4 Qf6+ 42. Ke3 Qg5+ 43. Kf2 Qf4+ 44. Ke1 Qg3+ 45.
Kf1 Qf4+ 46. Ke1 Qg3+ 47. Kd1 Qxg2 48. Qe2 Qg1+ 49. Qe1 Qd4+ 50. Kc2 h5 51. a5
Qc5+ 52. Qc3 Qf2+ 53. Qd2 Qc5+ 54. Kb2 Qe5+ 55. Qc3 Qxe4 56. Qc2 Qxc2+ 57. Kxc2
h4 58. a6 h3 59. a7 h2 60. a8=Q Kh6 61. Qg2 g5 62. Qxh2+ Kg6 63. b4 Kf5 64. b5
g4 65. b6 Ke4 66. Qg3 Kf5 67. b7 Kg5 68. b8=Q Kf5 69. Qbe5+ Kg6 70. Qxg4+ Kf7
71. Qge6+ Kf8 72. Q6d6+ Kf7 73. Qee7+ Kg8 74. Qdd8# 1-0

[Event "Junior Online 4NCL Division 5"]
[Site "online"]
[Date "2020.05.28"]
[Round "7.31"]
[White "Salussolia, Louis"]
[Black "Shrestha, Unnabh"]
[Result "1-0"]
[WhiteElo "1442"]
[BlackElo "1084"]
[PlyCount "57"]
[EventDate "2020.05.28"]
[WhiteTeam "May the Fork Be With You 1"]
[BlackTeam "East Kilbride Knights"]

1. e3 Nf6 2. Nc3 Nc6 3. Nf3 e5 4. b3 d5 5. Bb2 Bf5 6. Bb5 Qd7 7. Nxe5 Bd6 8.
Nxd7 Nxd7 9. Nxd5 Be6 10. Bxc6 bxc6 11. Nc3 O-O 12. h4 Nf6 13. f3 c5 14. Ne4
Be7 15. Nxf6+ gxf6 16. Rh3 Bxh3 17. gxh3 Kh8 18. Qe2 Rg8 19. O-O-O Rg6 20. Qc4
Kg8 21. Qf4 Bd6 22. Qe4 Rd8 23. h5 Rh6 24. Rg1+ Kh8 25. Qh4 Rg8 26. Bxf6+ Rg7
27. Bxg7+ Kg8 28. Bxh6+ Kh8 29. Qf6# 1-0

[Event "Junior Online 4NCL Division 5"]
[Site "online"]
[Date "2020.05.28"]
[Round "7.32"]
[White "Tandon, Ashley"]
[Black "Shah, Rahul"]
[Result "1-0"]
[WhiteElo "905"]
[BlackElo "1360"]
[PlyCount "113"]
[EventDate "2020.05.28"]
[WhiteTeam "East Kilbride Knights"]
[BlackTeam "May the Fork Be With You 1"]

1. d4 Nf6 2. c4 e5 3. dxe5 Ng4 4. Nf3 Nc6 5. a3 Ngxe5 6. Nxe5 Nxe5 7. e3 g6 8.
Be2 Bg7 9. O-O O-O 10. Nc3 b6 11. f4 Nc6 12. f5 Bb7 13. Bd2 Qg5 14. e4 Bd4+ 15.
Kh1 Qf6 16. fxg6 Qxg6 17. Rf3 Be5 18. Rh3 Nd4 19. Bd3 Qe6 20. Qh5 Qg6 21. Qxe5
Rfe8 22. Qxd4 c5 23. Qxd7 Bc8 24. Qd5 Bxh3 25. gxh3 Rad8 26. Qb7 Rxd3 27. Rg1
Qxg1+ 28. Kxg1 Rxd2 29. b3 Rd3 30. Nd5 Rd1+ 31. Kf2 Kg7 32. Qd7 Re6 33. Qd8 Rc6
34. Qg5+ Rg6 35. Qe5+ Kh6 36. Qf4+ Kg7 37. Qe5+ Kh6 38. Ke2 Rdg1 39. Qf4+ Kg7
40. Qe5+ Kh6 41. Nf4 R6g5 42. Qf6+ Rg6 43. Nxg6 Rxg6 44. Qxf7 Rg2+ 45. Kf3 Rxh2
46. Kg3 Ra2 47. Qf4+ Kg7 48. Qe5+ Kh6 49. Qe6+ Kg7 50. Qg4+ Kh6 51. e5 Ra1 52.
Qf4+ Kg7 53. Qf6+ Kg8 54. e6 Rg1+ 55. Kh2 Re1 56. Qf7+ Kh8 57. Qf8# 1-0

[Event "Junior Online 4NCL Division 5"]
[Site "online"]
[Date "2020.05.28"]
[Round "7.33"]
[White "Walia, Michael Kanishk"]
[Black "Nagar Nikunj"]
[Result "0-1"]
[WhiteElo "1330"]
[BlackElo "653"]
[PlyCount "136"]
[EventDate "2020.05.28"]
[WhiteTeam "May the Fork Be With You 1"]
[BlackTeam "East Kilbride Knights"]

1. e4 e5 2. Nf3 Nc6 3. d4 exd4 4. Nxd4 Nxd4 5. Qxd4 Ne7 6. Bc4 Nc6 7. Qd5 Qf6
8. O-O d6 9. Qd1 Be6 10. Bxe6 fxe6 11. Be3 O-O-O 12. Nc3 g5 13. Nb5 Kb8 14. Nc3
Bg7 15. f3 Nd4 16. Kh1 Nc6 17. a4 h6 18. a5 a6 19. Rb1 h5 20. Ne2 d5 21. exd5
exd5 22. b4 d4 23. Bg1 Qe5 24. f4 gxf4 25. Nxf4 Rh6 26. Nd3 Qb5 27. Rf7 Rg6 28.
Qxh5 Qxh5 29. h3 Qd5 30. Rf2 Rf8 31. Rxf8+ Bxf8 32. Nf4 Qg8 33. Nxg6 Qxg6 34.
Rf1 Bxb4 35. Bh2 Qxc2 36. Rg1 b6 37. axb6 Ba5 38. Bxc7+ Kb7 39. Bh2 Bxb6 40. h4
Qh7 41. h5 Qxh5 42. Rf1 Na5 43. Rf8 Qd1+ 44. Bg1 Qh5+ 45. Bh2 d3 46. Rf1 d2 47.
Rg1 d1=Q 48. Rxd1 Qxd1+ 49. Bg1 Nc4 50. Kh2 a5 51. Bxb6 Kxb6 52. Kg3 Qe1+ 53.
Kh2 a4 54. Kh3 a3 55. g4 a2 56. Kh2 a1=Q 57. Kh3 Qh8+ 58. Kg2 Qeh1+ 59. Kg3
Q8h3+ 60. Kf4 Q1f1+ 61. Kg5 Qfg2 62. Kf6 Qgxg4 63. Kf7 Qhf3+ 64. Ke7 Qge4+ 65.
Kd7 Qfd3+ 66. Kc8 Qc6+ 67. Kb8 Qcd7 68. Ka8 Qc8# 0-1

[Event "Junior Online 4NCL Division 5"]
[Site "online"]
[Date "2020.05.28"]
[Round "7.34"]
[White "Pardeshi, Prachi"]
[Black "Barbier-Ramaiah, Riya Aude"]
[Result "0-1"]
[WhiteElo "519"]
[BlackElo "1337"]
[PlyCount "132"]
[EventDate "2020.05.28"]
[WhiteTeam "East Kilbride Knights"]
[BlackTeam "May the Fork Be With You 1"]

1. e4 c6 2. d4 d5 3. e5 Bf5 4. Nc3 e6 5. Nf3 h6 6. Bd3 Bxd3 7. Qxd3 Ne7 8. O-O
Nd7 9. h3 b6 10. b4 c5 11. dxc5 bxc5 12. bxc5 Nxc5 13. Qb5+ Nd7 14. Ba3 Qb6 15.
Bxe7 Bxe7 16. Rab1 Qxb5 17. Nxb5 O-O 18. Nfd4 Nxe5 19. Rfe1 Nd7 20. Nc7 Rac8
21. Rb7 Bd6 22. Ncxe6 fxe6 23. Rxd7 Rfd8 24. Rxa7 e5 25. Ne6 Re8 26. Nxg7 Re7
27. Ra6 Rd8 28. Nf5 Rf7 29. Nxd6 Rf6 30. Rxe5 Rfxd6 31. Rxd6 Rxd6 32. Re8+ Kf7
33. Re3 d4 34. Rf3+ Ke6 35. c3 d3 36. Re3+ Kf5 37. Rf3+ Kg6 38. Rg3+ Kh7 39.
Rxd3 Rxd3 40. c4 Rc3 41. Kf1 Rxc4 42. Ke2 Rc2+ 43. Ke3 Rxa2 44. f4 Ra8 45. g4
Re8+ 46. Kf3 Rf8 47. f5 Kg7 48. Kf4 Kf6 49. h4 Rg8 50. Kf3 Rh8 51. Kf4 h5 52.
g5+ Kf7 53. g6+ Kf6 54. Ke4 Re8+ 55. Kf4 Re7 56. Kg3 Kxf5 57. Kh3 Rg7 58. Kg3
Rxg6+ 59. Kh3 Rg4 60. Kh2 Rxh4+ 61. Kg3 Rg4+ 62. Kf3 h4 63. Kf2 h3 64. Kf3 h2
65. Kf2 h1=Q 66. Ke3 Qh3+ 0-1

[Event "Junior Online 4NCL Division 5"]
[Site "online"]
[Date "2020.05.28"]
[Round "7.35"]
[White "Shrestha, Unnabh"]
[Black "Salussolia, Louis"]
[Result "1-0"]
[WhiteElo "1084"]
[BlackElo "1442"]
[PlyCount "63"]
[EventDate "2020.05.28"]
[WhiteTeam "East Kilbride Knights"]
[BlackTeam "May the Fork Be With You 1"]

1. d4 d5 2. Bf4 Bf5 3. e3 e6 4. Nf3 Nf6 5. h3 a6 6. Bd3 Bd6 7. Bxd6 Qxd6 8. c3
Bxd3 9. Qxd3 O-O 10. Nbd2 Qb6 11. O-O-O Qb5 12. Qc2 Nbd7 13. Rdg1 Rfb8 14. g4
Qe2 15. Rg2 Ne4 16. Re1 Qxd2+ 17. Nxd2 Nxd2 18. Qxd2 b5 19. Qd3 a5 20. a3 b4
21. Reg1 bxc3 22. Qxc3 Nf6 23. h4 c5 24. Kb1 cxd4 25. Qxd4 Ra6 26. h5 Rab6 27.
g5 Ne4 28. f3 Nd6 29. g6 h6 30. gxf7+ Kf8 31. Qxg7+ Ke7 32. f8=Q# 1-0

[Event "Junior Online 4NCL Division 5"]
[Site "online"]
[Date "2020.05.28"]
[Round "7.36"]
[White "Shah, Rahul"]
[Black "Tandon, Ashley"]
[Result "0-1"]
[WhiteElo "1360"]
[BlackElo "905"]
[PlyCount "52"]
[EventDate "2020.05.28"]
[WhiteTeam "May the Fork Be With You 1"]
[BlackTeam "East Kilbride Knights"]

1. d4 Nf6 2. c4 c5 3. d5 b5 4. cxb5 e6 5. dxe6 fxe6 6. Bg5 d5 7. Nc3 Bb7 8. Qa4
Nbd7 9. Nf3 Be7 10. e3 O-O 11. b3 h6 12. Bh4 e5 13. Be2 d4 14. Qc4+ Kh8 15. Na4
Qa5+ 16. Nd2 Bxg2 17. Bxf6 Nxf6 18. Rg1 Bd5 19. Qd3 Ne4 20. Rd1 Nxf2 21. Qg6
Rf7 22. Rc1 dxe3 23. Nc3 exd2+ 24. Kxd2 Ne4+ 25. Kc2 Qxc3+ 26. Kb1 Nd2# 0-1

[Event "Junior Online 4NCL Division 5"]
[Site "online"]
[Date "2020.05.28"]
[Round "7.37"]
[White "Nagar Nikunj"]
[Black "Walia, Michael Kanishk"]
[Result "1-0"]
[WhiteElo "653"]
[BlackElo "1330"]
[PlyCount "203"]
[EventDate "2020.05.28"]
[WhiteTeam "East Kilbride Knights"]
[BlackTeam "May the Fork Be With You 1"]

1. e4 e6 2. d4 d5 3. e5 c5 4. c3 Nc6 5. Nf3 Qb6 6. Be3 Qxb2 7. Nbd2 Qxc3 8. Rc1
Qa5 9. a4 cxd4 10. Nxd4 Nxe5 11. Bb5+ Bd7 12. Bxd7+ Nxd7 13. O-O Ngf6 14. Nb5
Rb8 15. Nc7+ Kd8 16. Nb5 a6 17. Nd4 Ke8 18. Re1 Bd6 19. N2f3 Ke7 20. Rb1 Rhc8
21. Qd2 Qxd2 22. Bxd2 Kf8 23. Bb4 Bxb4 24. Rxb4 Nc5 25. Rc1 Nd3 26. Rxc8+ Rxc8
27. Rb1 Ne4 28. Rf1 Re8 29. g3 a5 30. Ne1 Nxe1 31. Rxe1 Rc8 32. Rb1 Nc3 33.
Rxb7 Nxa4 34. Ra7 Rc1+ 35. Kg2 Rc4 36. Nb3 Rb4 37. Nxa5 Nc3 38. Ra8+ Ke7 39.
Nc6+ Kd6 40. Nxb4 Kc5 41. Nd3+ Kd4 42. Nf4 Ke4 43. Rh8 h6 44. Rg8 g5 45. Nh3 f5
46. Rh8 d4 47. f3+ Ke5 48. f4+ gxf4 49. gxf4+ Ke4 50. Re8 d3 51. Rxe6+ Kd5 52.
Re5+ Kd6 53. Nf2 d2 54. Kf1 d1=Q+ 55. Nxd1 Nxd1 56. Re8 Kd7 57. Rh8 Nc3 58.
Rxh6 Nd5 59. Rh5 Nxf4 60. Rxf5 Ng6 61. Rf7+ Ke6 62. Rh7 Nf8 63. Rh6+ Kf7 64.
Kg2 Kg7 65. Ra6 Kg8 66. h4 Kh8 67. h5 Kg8 68. Kg3 Kg7 69. Kg4 Kh7 70. Kg5 Kg7
71. h6+ Kg8 72. Ra7 Nh7+ 73. Kg6 Nf8+ 74. Kh5 Nh7 75. Kg4 Nf8 76. Kg5 Nh7+ 77.
Kf5 Nf8 78. Kf6 Nh7+ 79. Kf5 Nf8 80. Ra8 Kf7 81. Kg5 Nh7+ 82. Kh5 Nf6+ 83. Kg5
Nh7+ 84. Kh4 Kg6 85. Ra6+ Kf7 86. Kg4 Nf6+ 87. Kf5 Nh7 88. Ra7+ Kg8 89. Kg6
Nf8+ 90. Kf5 Nh7 91. Ra8+ Nf8 92. Kf6 Kh7 93. Rxf8 Kxh6 94. Rg8 Kh5 95. Rg1 Kh4
96. Kf5 Kh3 97. Kf4 Kh2 98. Rg8 Kh1 99. Kf3 Kh2 100. Rg7 Kh1 101. Kf2 Kh2 102.
Rh7# 1-0

[Event "Junior Online 4NCL Division 5"]
[Site "online"]
[Date "2020.05.28"]
[Round "7.38"]
[White "Barbier-Ramaiah, Riya Aude"]
[Black "Pardeshi, Prachi"]
[Result "0-1"]
[WhiteElo "1337"]
[BlackElo "519"]
[PlyCount "118"]
[EventDate "2020.05.28"]
[WhiteTeam "May the Fork Be With You 1"]
[BlackTeam "East Kilbride Knights"]

1. e4 e5 2. Nf3 d6 3. d4 Nc6 4. Bb5 Bd7 5. Bxc6 Bxc6 6. dxe5 Bxe4 7. exd6 Bxd6
8. Qe2 Nf6 9. Nc3 Bb4 10. Ng5 Bxc3+ 11. bxc3 Qe7 12. Nxe4 Nxe4 13. Bd2 O-O-O
14. O-O Rxd2 15. Qg4+ Qe6 16. Qxg7 Qf6 17. Qg4+ Qe6 18. Qf4 Rxc2 19. Rae1 f5
20. f3 Qb6+ 21. Re3 Rxc3 22. Rfe1 Rxe3 23. Qxe3 Qxe3+ 24. Rxe3 Nd6 25. Kf2 Re8
26. Ra3 a6 27. Ra4 c5 28. Rc4 Nxc4 29. g4 fxg4 30. fxg4 Rf8+ 31. Kg3 Ne5 32. a4
Rg8 33. h3 h5 34. Kf2 hxg4 35. hxg4 Rxg4 36. Ke2 Rxa4 37. Kd2 c4 38. Kc3 b5 39.
Kd4 Nc6+ 40. Kc3 Kb7 41. Kc2 Ra3 42. Kb2 b4 43. Kc2 Nd4+ 44. Kd2 b3 45. Ke3
Nc2+ 46. Ke4 b2 47. Kd5 c3 48. Ke5 b1=Q 49. Ke4 Nb4+ 50. Kf4 Qd3 51. Ke5 Ra1
52. Kf4 Rf1+ 53. Ke5 Re1+ 54. Kf4 Qf1+ 55. Kg3 Re3+ 56. Kg4 Rf3 57. Kg5 Qg1+
58. Kh4 Rf8 59. Kh5 Rh8# 0-1